| 000 | 00481cam a22001217a 4500 | ||
|---|---|---|---|
| 008 | 180718b1965 xxu||||| |||| 00| 0 eng d | ||
| 082 | _aA81x54 In2/61/2/PT6/8 | ||
| 100 | _aCensus of India 1961 | ||
| 245 | _aAndhra Pradesh: village survey monographs, a monograph on Kondiba (Srungavarapukota taluk, Visakhapatnam district) | ||
| 260 |
_aDelhi _bThe Manager of Publications _c1965 |
||
| 300 | _a86+p. | ||
| 440 | _aCensus of India 1961. Volume II, Andhra Pradesh. Part VI. Serial No. 8 | ||
| 999 |
_c483956 _d483956 |
||